| 000 | 00680cam a2200217 4500 | ||
|---|---|---|---|
| 001 | D10495 | ||
| 008 | 090401t1974 xxu||||| |||| 00| 0 eng d | ||
| 022 | _a0305-4713 | ||
| 035 | _a(Sirsi) u95121 | ||
| 041 | _aeng | ||
| 100 | _aDavies, Keith | ||
| 245 | _aStatutory time limits, revised by D.H.Chapman and Keith Davies | ||
| 260 | _c1974 | ||
| 350 | _a0 | ||
| 490 |
_aLand Agency and Agriculture Practice Leaflet _v16 |
||
| 520 | _aIn RICS Land Agency and Agriculture Division Practice leaflets 1974/9. | ||
| 700 | _aSarsons, A.R. | ||
| 710 |
_aRoyal Institution of Chartered Surveyors. Land Agency and Agriculture Division _91449 |
||
| 942 | _n0 | ||
| 948 | _c04/03/1997 | ||
| 999 |
_c98298 _d98298 |
||